| 000 -LEADER |
| fixed length control field |
01902nam a22005057a 4500 |
| 001 - CONTROL NUMBER |
| control field |
1085194718 |
| 003 - CONTROL NUMBER IDENTIFIER |
| control field |
OCoLC |
| 005 - DATE AND TIME OF LATEST TRANSACTION |
| control field |
20210419080445.0 |
| 008 - FIXED-LENGTH DATA ELEMENTS--GENERAL INFORMATION |
| fixed length control field |
190124s2020 pau b 001 0 eng d |
| 015 ## - NATIONAL BIBLIOGRAPHY NUMBER |
| National bibliography number |
GBB925552 |
| Source |
bnb |
| 016 7# - NATIONAL BIBLIOGRAPHIC AGENCY CONTROL NUMBER |
| Record control number |
019244958 |
| Source |
Uk |
| 020 ## - INTERNATIONAL STANDARD BOOK NUMBER |
| International Standard Book Number |
9781975109592 |
| Qualifying information |
(pbk.) |
| 020 ## - INTERNATIONAL STANDARD BOOK NUMBER |
| International Standard Book Number |
1975109597 |
| 020 ## - INTERNATIONAL STANDARD BOOK NUMBER |
| Canceled/invalid ISBN |
9781975109660 (ePub ebook) |
| 035 ## - SYSTEM CONTROL NUMBER |
| System control number |
(OCoLC)1085194718 |
| 040 ## - CATALOGING SOURCE |
| Original cataloging agency |
UKMGB |
| Language of cataloging |
eng |
| Description conventions |
rda |
| Transcribing agency |
UKMGB |
| Modifying agency |
OCLCO |
| 041 ## - LANGUAGE CODE |
| Language code of text/sound track or separate title |
eng |
| 049 ## - LOCAL HOLDINGS (OCLC) |
| Holding library |
YYEA |
| 080 ## - UNIVERSAL DECIMAL CLASSIFICATION NUMBER |
| Universal Decimal Classification number |
616.6 |
| Item number |
R-43 |
| 096 ## - LOCALLY ASSIGNED NLM-TYPE CALL NUMBER (OCLC) |
| Classification number |
WJ 300 R416r 2019 |
| 100 1# - MAIN ENTRY--PERSONAL NAME |
| Personal name |
Rennke, Helmut G. |
| 245 10 - TITLE STATEMENT |
| Title |
Renal pathophysiology : |
| Remainder of title |
the essentials / |
| Statement of responsibility, etc. |
Helmut G. Rennke, Bradley M. Denker. |
| 250 ## - EDITION STATEMENT |
| Edition statement |
5th ed. |
| 260 ## - PUBLICATION, DISTRIBUTION, ETC. |
| Place of publication, distribution, etc. |
Philadelphia : |
| Name of publisher, distributor, etc. |
Wolters Kluwer |
| Date of publication, distribution, etc. |
2020. |
| 300 ## - PHYSICAL DESCRIPTION |
| Extent |
382 p/ |
| Dimensions |
23 cm. ill |
| 365 ## - TRADE PRICE |
| Price amount |
35.43 usd |
| 500 ## - GENERAL NOTE |
| General note |
Previous edition: Philadelphia: Wolters Kluwer/Lippincott Williams & Wilkins, 2014. |
| 500 ## - GENERAL NOTE |
| General note |
EINSTEIN: available online via LWW Health Library. See Reference staff for assistance. |
| 504 ## - BIBLIOGRAPHY, ETC. NOTE |
| Bibliography, etc. note |
Includes bibliographical references and index. illustrations and photomicrographs, suggested readings, and online review questions to reinforce learning. |
| 590 ## - LOCAL NOTE (RLIN) |
| Local note |
c.1 10072809 Ritt 3/25/2019 $53.99. |
| 650 #2 - SUBJECT ADDED ENTRY--TOPICAL TERM |
| Topical term or geographic name entry element |
Kidney Diseases |
| General subdivision |
physiopathology. |
| 650 #2 - SUBJECT ADDED ENTRY--TOPICAL TERM |
| Topical term or geographic name entry element |
Kidney |
| General subdivision |
physiopathology. |
| 650 #0 - SUBJECT ADDED ENTRY--TOPICAL TERM |
| Topical term or geographic name entry element |
Renal |
| 9 (RLIN) |
128 |
| 650 #0 - SUBJECT ADDED ENTRY--TOPICAL TERM |
| Topical term or geographic name entry element |
Medicine |
| 9 (RLIN) |
69 |
| 653 ## - INDEX TERM--UNCONTROLLED |
| Uncontrolled term |
რენალი |
| 653 ## - INDEX TERM--UNCONTROLLED |
| Uncontrolled term |
მედიცინა |
| 653 ## - INDEX TERM--UNCONTROLLED |
| Uncontrolled term |
თირკმლის დაავადებები |
| 653 ## - INDEX TERM--UNCONTROLLED |
| Uncontrolled term |
თირკმელი |
| 655 #7 - INDEX TERM--GENRE/FORM |
| Genre/form data or focus term |
Electronic books. |
| 700 1# - ADDED ENTRY--PERSONAL NAME |
| Personal name |
Denker, Bradley M. |
| 710 2# - ADDED ENTRY--CORPORATE NAME |
| Corporate name or jurisdiction name as entry element |
LWW Health Library (Online Service) |
| 776 08 - ADDITIONAL PHYSICAL FORM ENTRY |
| Relationship information |
ebook version : |
| International Standard Book Number |
9781975109660. |
| 856 40 - ELECTRONIC LOCATION AND ACCESS |
| Uniform Resource Identifier |
<a href="https://elibrary.einsteinmed.org/login?url=https://meded.lwwhealthlibrary.com/book.aspx?bookid=2584 ">https://elibrary.einsteinmed.org/login?url=https://meded.lwwhealthlibrary.com/book.aspx?bookid=2584 </a> |
| Public note |
EINSTEIN: LWW Health Library |
| 942 ## - ADDED ENTRY ELEMENTS (KOHA) |
| Source of classification or shelving scheme |
|
| Koha item type |
Books |
| Edition |
5 |